Evénements du 7 mars - Statistiques

Statistiques générales
  • Ce quiz a été pris 37 fois
  • Le résultat moyen est 9 sur 15
Statistiques - réponses
Hint Réponse % Correct
Hitler occupe et remilitarise la Rhénanie 1936
94%
Sortie de la chanson We are the world pour lutter contre la famine en Ethiopié 1985
91%
Par décision de l'empereur Constantin le dimanche devient jour de repos 321
91%
Napoléon se proclame roi d'Italie 1805
86%
Ouverture de la conférence d'Evian sur l'Algerie 1962
80%
Verrazano prend pied en Amérique du nord 1524
77%
Prise de Jaffa par Bonaparte 1799
69%
Sortie du film Le Cerveau 1969
66%
1ère parution de Télé 7 jours 1960
49%
Naissance de Nicéphore Niepce, inventeur de la photographie 1765
43%
Naissance du compositeur Maurice Ravel 1875
37%
Naissance de Jacques Chaban-Delmas 1915
37%
Naissance du peintre Piet Mondrian 1872
34%
1ère conversation téléphonique entre New York et Londres 1926
23%
Le premier disque de jazz est mis en vente 1917
11%
Aucun quiz correspondant
Distribution des résultats
% des personnes avec chaque résultat
Percentile par nombre de réponses
Votre historique - résultats
Vous n’avez pas pris ce quiz